00573nam a2200193Ia 4500008004100000020001800041082000800059100002900067245004400096250000600140260002500146300001500171500002400186650001600210700003900226942000700265952009000272999001700362230524s9999 xx 000 0 und d a9788120351752 bKHA a"Manoj Khanna , "942732 0aMATLAB Essentials : For Problem Solving a1 aNew DelhibPHIc2016 a"XI,324p;" aQuantity Number: 1 aElectronics a"Geeta Bhatt , Pawan Kumar"942733 cBK 00104070aTATCLbTATCLcGENd2023-05-24l0o KHAp54079r2023-05-24w2023-05-24yBK c57715d57715